Tập tục lễ hội đất Quảng
Là bộ sưu tầm các tập tục , lễ hội đất Quảng và ảnh hưởng triết lý, tư tưởng ngoại lai vào tập tục lễ hội.
Đã lưu trong:
| 企業作者: | |
|---|---|
| 格式: | 圖書 |
| 語言: | Undetermined |
| 出版: |
Hà Nội
Lao Động
2011
|
| 主題: | |
| 標簽: |
添加標簽
沒有標簽, 成為第一個標記此記錄!
|
| Thư viện lưu trữ: | Trung tâm Học liệu Trường Đại học Cần Thơ |
|---|
| LEADER | 00813nam a2200205Ia 4500 | ||
|---|---|---|---|
| 001 | CTU_169678 | ||
| 008 | 210402s9999 xx 000 0 und d | ||
| 082 | |a 394.269597 | ||
| 082 | |b H452/T.3 | ||
| 110 | |a Hội văn nghệ dân gian Việt Nam | ||
| 245 | 0 | |a Tập tục lễ hội đất Quảng | |
| 245 | 0 | |c Võ Văn Hòe ... [et all.] | |
| 260 | |a Hà Nội | ||
| 260 | |b Lao Động | ||
| 260 | |c 2011 | ||
| 520 | |a Là bộ sưu tầm các tập tục , lễ hội đất Quảng và ảnh hưởng triết lý, tư tưởng ngoại lai vào tập tục lễ hội. | ||
| 650 | |a Folk festivals,Lễ hội dân gian | ||
| 650 | |z Vietnam,Việt Nam | ||
| 904 | |i Trọng Hải | ||
| 980 | |a Trung tâm Học liệu Trường Đại học Cần Thơ | ||